| 000 | 00762nam a2200205 i 4500 | ||
|---|---|---|---|
| 001 | 38634 | ||
| 003 | ES-MaACL | ||
| 005 | 20230906155807.0 | ||
| 007 | t| | ||
| 008 | 030226s1967 it ||||1| ita d | ||
| 100 | 1 |
_aCalifano Tentori, María. _933672 |
|
| 245 | 1 | 0 |
_aElenchi e cataloghi di periodici in Italia, 1946-1966 / _csaggio per una bibliografia di María Califano Tentori. |
| 260 |
_aRoma : _bConsiglio Nazionale delle Ricerche, _c1967. |
||
| 300 |
_aXIII, 57 p. : _b2 gráf. ; _c24 cm. |
||
| 490 | 1 | _aBibliografia e di documentazione scientifica | |
| 710 | 2 |
_aConsiglio Nazionale delle Ricerche (Roma) _93257 |
|
| 830 | 0 |
_aBibliografia e di documentazione scientifica _9229679 |
|
| 852 |
_aES-MaACL _j2129-F-4 _bR.105696 |
||
| 999 |
_c38634 _d38634 |
||